Basket ball: defensa y ataque de zona
Збережено в:
| Автор: | |
|---|---|
| Формат: | Книга |
| Мова: | Іспанська |
| Опубліковано: |
Buenos Aires
Paidós
1957
|
| Серія: | Biblioteca de educación física, 4
|
| Предмети: | |
| Теги: |
Додати тег
Немає тегів, Будьте першим, хто поставить тег для цього запису!
|
MARC
| LEADER | 00000nam a2200000 a 4500 | ||
|---|---|---|---|
| 001 | UCY9366 | ||
| 003 | CL-VaPUC | ||
| 008 | 950717e19570000AG |||||||||||||||||spa|d | ||
| 082 | 0 | 4 | |a 796.323 |b BEE |2 21 |
| 100 | 0 | |a Bee, Clair |e author |9 341479 | |
| 245 | 1 | 0 | |a Basket ball: defensa y ataque de zona |
| 300 | |a 206 p | ||
| 942 | |c BK | ||
| 945 | |d 19950717 00:00:00 |a mfernand | ||
| 260 | |a Buenos Aires |b Paidós |c 1957 | ||
| 650 | 7 | |a BASQUETBOL |2 CL-VaPUC |9 341480 | |
| 650 | 7 | |a JUEGOS DE PELOTA |2 CL-VaPUC |9 340284 | |
| 583 | |a last modification |c 19950717 00:00:00 |k Rodrigo Vera | ||
| 490 | 0 | |a Biblioteca de educación física, 4 | |
| 999 | |c 236477 |d 236475 | ||
| 952 | |0 0 |1 0 |4 0 |6 796_323000000000000_BEE_1957 |7 0 |8 P |9 244578 |a BIBEDU |b BIBEDU |c BIBEDU_PB |d 2019-11-18 |i 1533711 |o 796.323 BEE 1957 |p 1533711 |r 2024-01-25 |w 2019-11-18 |y BK |k EDU | ||